Missing Word: Italy by the Letter Quiz Stats

 Plays Quiz Updated Apr 17, 2019

Score 0/5 Timer 02:00
2 Plays Today
Fact Answer % Correct
Italy is known for its cuisine, including its version of ___ cream, also known as gelato.Ice
99.6%
Home to the _____ language, used in the Roman Empire and as the precursor to all Romance languages.Latin
94.5%
Italy has hosted the Olympics multiple times, most recently the 2006 Winter Olympics in _____.Turin
80.8%
Participating in both World Wars, Italy both gained territory from and lost territory to __________ to the East.Yugoslavia
70.7%
Italian explorers Marco Polo, Christopher Columbus, & _____ Vespucci discovered routes to the Far East and New World.Amerigo
70.5%

Today's Daily Dose

You're not logged in!

Compare scores with friends on all Sporcle quizzes.
OR
Log In

Sporcle TV

Today on Sporcle TV


Watch our educational content, quiz creation guides, and fun videos on Sporcle TV.

Show Comments

Extras

Top Quizzes Today


Score Distribution

Your Account Isn't Verified!

In order to create a playlist on Sporcle, you need to verify the email address you used during registration. Go to your Sporcle Settings to finish the process.

Report this User

Report this user for behavior that violates our Community Guidelines.

Details: